O sindicato dos burros (Record no. 187951)

MARC details
000 -LÍDER
campo de controle de tamanho fixo 00373 a2200169 4500
001 - NÚMERO DE CONTROLE
campo de controle 187951
020 ## - ISBN - INTERNATIONAL STANDARD BOOK NUMBER
ISBN - International Standard Book Number 978-85-329-0712-7
040 ## - FONTE DA CATALOGAÇÃO
Instituição que transcreveu o registro Magnum
100 ## - ENTRADA PRINCIPAL--NOME PESSOAL
Nome pessoal Silva, Fernando Correia da
240 10 - TÍTULO UNIFORME
Título uniforme O sindicato dos burros
Idioma da obra por
245 10 - TÍTULO
Título O sindicato dos burros
300 ## - DESCRIÇÃO FÍSICA
Extensão 32
362 0# - DATAS DE PUBLICAÇÃO E/OU DESIGNAÇÃO SEQUENCIAL
Datas de publicação e/ou designação sequencial 2008
440 #1 - DECLARAÇÃO DE SÉRIE/ENTRADA ADICIONADA--TÍTULO
Título
697 ## - ENTRADA DE ASSUNTO LOCAL--ENTIDADE COLETIVA (RLIN)
Nome corporativo ou nome da jurisdição LITERATURA INFANTO
942 ## - ELEMENTOS DE ENTRADA ADICIONADOS (KOHA)
Tipo de material Koha Livros
Holdings
Situação do descarte Situação das perdas Situação física Não pode ser emprestado Biblioteca de origem Biblioteca atual Data de aquisição Total de empréstimos Número de chamada completo Código de barras Data de último acesso Data do preço efetivo Tipo de material Koha
        Magnum Magnum 08/06/2024   869.1.620 MAG00059835 08/06/2024 08/06/2024 Livros
        Magnum Magnum 08/06/2024   869.1.620 MAG00059836 08/06/2024 08/06/2024 Livros
        Magnum Magnum 08/06/2024   869.1.620 MAG00059837 08/06/2024 08/06/2024 Livros
        Magnum Magnum 08/06/2024   869.1.620 MAG00059838 08/06/2024 08/06/2024 Livros
        Magnum Magnum 08/06/2024   869.1.620 MAG00059839 08/06/2024 08/06/2024 Livros
        Magnum Magnum 08/06/2024   869.1.620 MAG00059840 08/06/2024 08/06/2024 Livros
        Magnum Magnum 08/06/2024   869.1.620 MAG00074952 08/06/2024 08/06/2024 Livros
        Magnum Magnum 08/06/2024   869.1.620 MAG00074953 08/06/2024 08/06/2024 Livros
        Magnum Magnum 08/06/2024   869.1.620 MAG00074954 08/06/2024 08/06/2024 Livros
        Magnum Magnum 08/06/2024   869.1.620 MAG00074955 08/06/2024 08/06/2024 Livros
        Magnum Magnum 08/06/2024   869.1.620 MAG00074956 08/06/2024 08/06/2024 Livros